La Huelga en el sector salud: consideraciones políticas /
Guardado en:
| Hovedforfatter: | |
|---|---|
| Andre forfattere: | |
| Format: | Texto |
| Fag: | |
| Tags: |
Tilføj Tag
Ingen Tags, Vær først til at tagge denne postø!
|
MARC
| LEADER | 00000 a a2200000 04500 | ||
|---|---|---|---|
| 001 | 5180 | ||
| 003 | |||
| 040 | |||
| 100 | |a González, Luis Armando | ||
| 245 | |a La Huelga en el sector salud: |b consideraciones políticas / |c Luis Armando González | ||
| 650 | |a SISTEMA DE SALUD | ||
| 650 | |a PRIVATIZACION | ||
| 650 | |a HUELGAS | ||
| 650 | |a GOBIERNO | ||
| 700 | |a Avarenga, Luis | ||
| 773 | |g volumen 57, número 649 -650; páginas 1140-1143 | ||
| 999 | |c 25597 |d 25597 | ||
